ბათუმის შოთა რუსთაველის სახელმწიფო უნივერსიტეტის ბიბლიოთეკა

ქართული ლიტერატურა : (ბიბ.ჩანაწერი № 36483)

000 -ლიდერი
ფიქსირებული სიგრძის საკონტროლო ველი 01391nam a2200253Ia 4500
001 - საკონტროლო ნომერი
საკონტროლო ველი 2401
003 - საკონტროლო ნომრის იდენტიფიკატორი
საკონტროლო ველი GE_BSU
005 - ბოლო ოპერაციის თარიღი და დრო
საკონტროლო ველი 20190515201038.0
008 - ფიქსირებული სიგრძის მონაცემთა ელემენტები - ზოგადი ინფორმაცია
ფიქსირებული სიგრძის საკონტროლო ველი 181216s2002||||ge |||||||||||||| ||geo||
020 ## - წიგნის საერთაშორისო სტანდარტული ნომერი
International Standard Book Number 9992879661
040 ## - კატალოგიზაციის წყარო
Transcribing agency GE_BSU
041 ## - ენის კოდი
Language code of text/sound track or separate title geo
080 ## - უნივერსალური ათობითი კლასიფიკაციის ინდექსი
Universal Decimal Classification number 821.353.1(075.3) ნ–63
100 ## - მთავარი ჩანაწერი - პიროვნების სახელი
Personal name ნიკოლეიშვილი, ავთანდილ
9 (RLIN) 296
245 ## - ცნობა სათაურის შესახებ
Title ქართული ლიტერატურა :
Remainder of title მე-11 კლასი : დამხმ. სახელმძღვ. ზოგადსაგანმ. სკოლებისათვის /
Statement of responsibility, etc ავთანდილ ნიკოლეიშვილი; რედ. ამირან გომართელი.
245 ## - ცნობა სათაურის შესახებ
Remainder of title დამხმაერე სახელმძღვანელო ზოგადსაგანმანათლებლო სკოლებისათვის.
250 ## - გამოცემის ცნობა
Edition statement მე-3 გამოცემა.
264 ## - წარმოების, გამოცემის, დისტრიბუციის და სხვა ცნობები
გამოცემის, წარმოების, დისტრიბუციის... ადგილი ქუთაისი :
გამოცემის, წარმოების, დისტრიბუციის... სახელწოდება ქუთაისის სახ. უნ-ტის გამ-ბა,
გამოცემის, წარმოების, დისტრიბუციის... თარიღი 2002.
300 ## - ფიზიკური აღწერა
Extent 296 გვ.;
Other physical details 20 სმ.
653 ## - INDEX TERM--UNCONTROLLED
Uncontrolled term ქართული ლიტერატურის სახელმძღვანელოები
700 ## - ADDED ENTRY--PERSONAL NAME
Personal name გომართელი, ამირან
Relator term რედაქტორი
9 (RLIN) 1205
942 ## - ADDED ENTRY ELEMENTS (KOHA)
Koha item type წიგნი
Source of classification or shelving scheme
ეგზემპლარები
ჩამოწერის სტატუსი დაკარგული ეგზემპლარის სტატუსი კლასიფიკაციის წყარო ან თაროზე გაწყობის სქემა დაზიანების სტატუსი არ გაიცემა მუდმივი მდებარეობა (დაცვის ადგილი) ამჟამინდელი ადგილსამყოფელი თაროზე განთავსების ადგილი შეძენის თარიღი ღირებულება, შესყიდვის ნორმალური ფასი სრული შენახვის შიფრი შტრიხკოდი ბოლო ოპერაციის თარიღი ეგზემპლარის მიმდევრობითი ნომერი (კეტერი?) ფასის ძალაში შესვლის თარიღი ეგზემპლარის სახეობა საჯარო შენიშვნა
          ბათუმის შოთა რუსთაველის სახელმწიფო უნივერსიტეტის მთავარი ბიბლიოთეკა ბათუმის შოთა რუსთაველის სახელმწიფო უნივერსიტეტის მთავარი ბიბლიოთეკა წიგნსაცავი 2018-12-17 10.00 821.353.1(075.3) ნ–63 4229 2018-12-17 4229 2018-12-17 წიგნი 10 ლ.